| 000 | 004620000a22001810004500 | ||
|---|---|---|---|
| 003 | MACL | ||
| 005 | 20150726165211.0 | ||
| 008 | 150726b xxu||||| |||| 00| 0 eng d | ||
| 040 |
_aMACL _cMACL |
||
| 041 | _aEnglish | ||
| 082 | _a330/SIO | ||
| 100 |
_aSiddu, S S _92686 |
||
| 245 |
_aThe Steel Industry in India _bProblems of Perspective |
||
| 260 |
_bVikas Publishing House _c1987 _aDelhi |
||
| 350 | _a125 | ||
| 650 |
_aEconomics _92687 |
||
| 942 |
_cBK _k330 _2ddc |
||
| 999 |
_c6529 _d6529 |
||